| 000 | 00445nam a22001457a 4500 | ||
|---|---|---|---|
| 005 | 20140310183647.0 | ||
| 008 | 140109b xxu||||| |||| 00| 0 eng d | ||
| 020 | _a0192854437 | ||
| 050 |
_aN 5610 _b.Ox84 2001 |
||
| 245 |
_aThe Oxford history of classical art / _cedited by John Boardman. |
||
| 260 |
_aOxford ; New York : _bOxford University Press, _c2001. |
||
| 300 |
_a406 p. : _bcol. ill. ; _c29 cm. |
||
| 942 |
_2lcc _cBK _kFOR |
||
| 999 |
_c25965 _d25965 |
||